[Event "US Masters op"]
[Site "Greensboro"]
[Date "2016.08.26"]
[Round "3"]
[White "Ardaman, Miles"]
[Black "Green, Austen"]
[Result "1-0"]
[WhiteElo "2188"]
[BlackElo "2095"]
[PlyCount "69"]
[EventDate "2016.08.25"]
[EventType "swiss"]
[EventRounds "9"]
[EventCountry "USA"]
[SourceTitle "CBM 174 Extra"]
[Source "ChessBase"]
[SourceDate "2016.10.10"]
[SourceVersion "1"]
[SourceVersionDate "2016.10.10"]
[SourceQuality "1"]

1. Nc3 c5 2. e4 Nc6 3. d3 Rb8 4. g4 e6 5. Bg2 b5 6. Nh3 g6 7. Bg5 Qa5 8. Bd2 Qc7 9. a3 Bg7 10. 0-0 h5 11. g5 Nge7 12. f4 Nd4 13. Kh1 d6 14. Na2 c4 15. dxc4 bxc4 16. Bc3 Nec6 17. Nb4 0-0 18. f5 Be5 19. fxg6 fxg6 20. Rxf8+ Kxf8 21. Qf1+ Kg8 22. Qxc4 Qb6 23. Rd1 a5 24. Nd3 Ba6 25. Qa2 Rf8 26. b4 Rf7 27. Bxd4 Qxd4 28. Qxe6 Ne7 29. c3 Qxc3 30. Nxe5 Qxe5 31. Qxd6 Qb5 32. Nf4 Kh7 33. Qe6 Rg7 34. Nxh5 Qe2 35. Nf6+ 1-0

[Event "US Masters op"]
[Site "Greensboro"]
[Date "2015.08.27"]
[Round "1"]
[White "Zierk, Steven C"]
[Black "Ardaman, Miles"]
[Result "1-0"]
[WhiteElo "2503"]
[BlackElo "2219"]
[PlyCount "60"]
[EventDate "2015.08.27"]
[EventType "swiss"]
[EventRounds "9"]
[EventCountry "USA"]
[SourceTitle "EXT 2016"]
[Source "ChessBase"]
[SourceDate "2015.10.08"]
[SourceVersion "1"]
[SourceVersionDate "2015.10.08"]
[SourceQuality "1"]

1. e4 Nc6 2. d4 d5 3. e5 Bf5 4. c3 f6 5. f4 Qd7 6. Nf3 a6 7. Be3 e6 8. Nbd2 h6 9. exf6 Nxf6 10. Ne5 Nxe5 11. fxe5 Ng4 12. Bg1 Be7 13. Qe2 h5 14. b3 Bh4+ 15. Kd1 Nh6 16. Qxh5+ Nf7 17. Qf3 Qe7 18. h3 Qa3 19. Bd3 g6 20. Ke2 0-0-0 21. g4 Ng5 22. Qe3 Bxd3+ 23. Qxd3 c5 24. dxc5 Ne4 25. Bd4 Bf2 26. Rh2 Be3 27. Rg2 Bf4 28. Nxe4 dxe4 29. Qxe4 g5 30. c6 b5 1-0

[Event "North Carolina Inv"]
[Site "Chapel Hill"]
[Date "2013.03.24"]
[Round "5"]
[White "Shamilov, Eduard"]
[Black "Ardaman, Miles"]
[Result "1-0"]
[WhiteElo "2187"]
[BlackElo "2283"]
[PlyCount "75"]
[EventDate "2013.03.23"]
[EventType "tourn"]
[EventRounds "5"]
[EventCountry "USA"]
[SourceTitle "CBM 153 Extra"]
[Source "ChessBase"]
[SourceDate "2013.04.22"]
[SourceVersion "1"]
[SourceVersionDate "2013.04.22"]
[SourceQuality "1"]

1. e4 b6 2. d4 Bb7 3. Bd3 Nc6 4. Nf3 Nb4 5. Bc4 e6 6. a3 d5 7. exd5 Nxd5 8. Be2 Qd6 9. Nbd2 Ngf6 10. Nc4 Qe7 11. Nce5 c6 12. c4 Nc7 13. Qa4 Nd7 14. Nxc6 Qd6 15. Nfe5 f6 16. Bh5+ g6 17. Nxg6 Bxc6 18. Ne5+ Kd8 19. Nxc6+ Kc8 20. Bf3 a6 21. Be3 b5 22. cxb5 axb5 23. Qc2 Nb6 24. g3 Nbd5 25. Bxd5 Qxd5 26. 0-0 Ra4 27. b4 Bd6 28. Bf4 Kd7 29. Bxd6 Qxd6 30. Na5 f5 31. Nb7 Qc6 32. Nc5+ Kc8 33. Qb2 Rd8 34. Nxa4 bxa4 35. Rac1 Qb5 36. Rc5 Qb7 37. Rfc1 Kb8 38. Qc2 1-0

[Event "North Carolina Inv"]
[Site "Chapel Hill"]
[Date "2013.03.23"]
[Round "2"]
[White "Mu, Joshua"]
[Black "Ardaman, Miles"]
[Result "1/2-1/2"]
[WhiteElo "2185"]
[BlackElo "2283"]
[PlyCount "73"]
[EventDate "2013.03.23"]
[EventType "tourn"]
[EventRounds "5"]
[EventCountry "USA"]
[SourceTitle "CBM 153 Extra"]
[Source "ChessBase"]
[SourceDate "2013.04.22"]
[SourceVersion "1"]
[SourceVersionDate "2013.04.22"]
[SourceQuality "1"]

1. e4 d6 2. d4 Nf6 3. Nc3 c6 4. f4 Qa5 5. Bd2 Qb6 6. Nf3 Bg4 7. e5 Nd5 8. Na4 Qd8 9. c4 Nc7 10. Be2 e6 11. Be3 d5 12. c5 Nd7 13. 0-0 b5 14. Nc3 a5 15. h3 Bxf3 16. Rxf3 f5 17. exf6 gxf6 18. Bf2 Qe7 19. Re3 Bh6 20. Bxb5 Bxf4 21. Bxc6 Bxe3 22. Bxe3 Rb8 23. Na4 0-0 24. Bf4 e5 25. Qg4+ Kh8 26. Qxd7 Qxd7 27. Bxd7 exf4 28. Rf1 Rb4 29. Rxf4 Rf7 30. a3 Rc4 31. Bc6 Re7 32. Nc3 Ne6 33. Rxf6 Nxd4 34. Rf8+ Kg7 35. Rg8+ Kh6 36. Bxd5 Rxc5 37. Rg4 1/2-1/2

[Event "Chicago op 21st"]
[Site "Wheeling"]
[Date "2012.05.28"]
[Round "9"]
[White "Ardaman, Miles"]
[Black "Colas, Joshua"]
[Result "1-0"]
[WhiteElo "2252"]
[BlackElo "2083"]
[PlyCount "107"]
[EventDate "2012.05.24"]
[EventType "swiss"]
[EventRounds "9"]
[EventCountry "USA"]
[SourceTitle "CBM 148 Extra"]
[Source "ChessBase"]
[SourceDate "2012.06.22"]
[SourceVersion "1"]
[SourceVersionDate "2012.06.22"]
[SourceQuality "1"]

1. b3 e5 2. Bb2 Nc6 3. e3 d6 4. Ne2 Nf6 5. h3 g6 6. d3 Bg7 7. Nd2 0-0 8. a3 Be6 9. g4 h5 10. g5 Nd7 11. Rg1 d5 12. Nf3 e4 13. Nfd4 Nde5 14. Bg2 Nf3+ 15. Bxf3 exf3 16. Nf4 Nxd4 17. Bxd4 Bxd4 18. exd4 c5 19. dxc5 Qc7 20. Qxf3 Qxc5 21. Ra2 Qc3+ 22. Kf1 Qe5 23. Qe3 Qf5 24. c3 Rac8 25. Rc2 Rfd8 26. Qd4 Bd7 27. Rg3 Bc6 28. Re2 Re8 29. h4 a6 30. Qf6 Qxf6 31. gxf6 Rxe2 32. Kxe2 Kf8 33. Ke3 Re8+ 34. Kd4 Re1 35. Rh3 Rb1 36. b4 Rb3 37. a4 Bxa4 38. Nxd5 Rb2 39. Rf3 Bc6 40. Rf4 Rd2 41. Ne3 Bd7 42. Nc4 Re2 43. Ne5 Bf5 44. Kd5 a5 45. b5 Rc2 46. b6 Rxc3 47. Ra4 Rb3 48. Rxa5 Be6+ 49. Kd4 Kg8 50. Nf3 Kh7 51. Ng5+ Kh6 52. Ra8 Rb4+ 53. Ke3 Rxh4 54. f4 1-0

[Event "Philadelphia op 6th"]
[Site "Philadelphia"]
[Date "2012.04.06"]
[Round "4"]
[White "Ardaman, Miles"]
[Black "Naroditsky, Daniel"]
[Result "0-1"]
[WhiteElo "2254"]
[BlackElo "2479"]
[PlyCount "42"]
[EventDate "2012.04.04"]
[EventType "swiss"]
[EventRounds "9"]
[EventCountry "USA"]
[SourceTitle "CBM 147 Extra"]
[Source "ChessBase"]
[SourceDate "2012.04.24"]
[SourceVersion "1"]
[SourceVersionDate "2012.04.24"]
[SourceQuality "1"]

1. e4 c5 2. Nc3 a6 3. d3 e6 4. g4 b5 5. Bg2 Ne7 6. Nh3 Ng6 7. 0-0 Nc6 8. f4 Be7 9. Nd5 exd5 10. exd5 Bb7 11. dxc6 Bxc6 12. Bxc6 dxc6 13. Qf3 Qd7 14. Re1 h5 15. f5 hxg4 16. Qxg4 0-0-0 17. a4 b4 18. Re4 Bd6 19. Bg5 Ne5 20. Qg2 f6 21. Be3 g6 0-1

[Event "Foxwoods op"]
[Site "Ledyard"]
[Date "2009.04.10"]
[Round "5"]
[White "Ardaman, Miles"]
[Black "Dougherty, Michael J"]
[Result "0-1"]
[WhiteElo "2316"]
[BlackElo "2203"]
[PlyCount "46"]
[EventDate "2009.04.08"]
[EventType "swiss"]
[EventRounds "9"]
[EventCountry "USA"]
[SourceTitle "CBM 129 Extra"]
[Source "ChessBase"]
[SourceDate "2009.05.05"]
[SourceVersion "2"]
[SourceVersionDate "2009.05.20"]
[SourceQuality "1"]

1. b3 d5 2. Bb2 Nf6 3. e3 Bg4 4. Ne2 Nbd7 5. h3 Bf5 6. g4 Be4 7. Rg1 h6 8. d3 Bh7 9. Nd2 e6 10. f4 Bc5 11. Kf2 g5 12. Nf3 Rg8 13. Qd2 Qe7 14. Ned4 0-0-0 15. a3 Bb6 16. b4 e5 17. fxe5 Nxe5 18. Be2 Rge8 19. Nxe5 Qxe5 20. Rg3 c6 21. Rf1 Bc7 22. Rf3 Ne4+ 23. dxe4 dxe4 0-1

[Event "US Masters qual"]
[Site "Hendersonville"]
[Date "2007.03.11"]
[Round "4"]
[White "Gulamali, Kazim"]
[Black "Ardaman, Miles"]
[Result "1-0"]
[WhiteElo "2397"]
[BlackElo "2398"]
[PlyCount "74"]
[EventDate "2007.03.10"]
[EventType "swiss"]
[EventRounds "9"]
[EventCountry "USA"]
[SourceTitle "EXT 2011"]
[Source "ChessBase"]
[SourceDate "2010.11.26"]
[SourceVersion "1"]
[SourceVersionDate "2010.11.26"]
[SourceQuality "1"]

1. Nf3 b5 2. d4 Bb7 3. Bf4 e6 4. e3 a6 5. c4 bxc4 6. Bxc4 Nf6 7. Qb3 Ra7 8. Nc3 Nc6 9. Be2 Nb4 10. 0-0 Be7 11. Bg3 0-0 12. a3 Nbd5 13. Na4 Ne4 14. Qc2 Nxg3 15. hxg3 d6 16. b4 Qa8 17. Rfc1 Nf6 18. Ne1 Bd8 19. Bf3 Ne4 20. Nc3 f5 21. Nd3 Bg5 22. Bxe4 fxe4 23. Nf4 Rf6 24. Nce2 c6 25. Qxe4 c5 26. Qc2 Be4 27. Qc3 Raf7 28. f3 Bxf3 29. gxf3 Qxf3 30. Rf1 Qg4 31. bxc5 Bxf4 32. exf4 Qxe2 33. cxd6 Rh6 34. Rf2 Qe4 35. Rg2 Rh5 36. Re1 Qb7 37. Rxe6 h6 1-0

[Event "US Masters qual"]
[Site "Hendersonville"]
[Date "2007.03.10"]
[Round "2"]
[White "Francisco, Richard"]
[Black "Ardaman, Miles"]
[Result "1/2-1/2"]
[WhiteElo "2234"]
[BlackElo "2398"]
[PlyCount "79"]
[EventDate "2007.03.10"]
[EventType "swiss"]
[EventRounds "9"]
[EventCountry "USA"]
[SourceTitle "EXT 2011"]
[Source "ChessBase"]
[SourceDate "2010.11.26"]
[SourceVersion "1"]
[SourceVersionDate "2010.11.26"]
[SourceQuality "1"]

1. e4 b6 2. d4 Bb7 3. Bd3 Nc6 4. Nf3 Nb4 5. Bc4 e6 6. c3 d5 7. exd5 Nxd5 8. Ne5 a6 9. 0-0 Ngf6 10. Nd2 b5 11. Bb3 Bd6 12. Ndf3 h6 13. Bc2 g5 14. Qd3 Rg8 15. h3 Rg7 16. Re1 Kf8 17. a4 Kg8 18. Bd2 Nf4 19. Bxf4 gxf4 20. Kh2 Rb8 21. axb5 axb5 22. Qd2 Kh8 23. Kh1 Nd5 24. Ra5 Qg8 25. Ng4 h5 26. Nh6 Qe8 27. Nf5 Rg8 28. Qd3 Nf6 29. Nxd6 cxd6 30. Qd2 Bxf3 31. gxf3 e5 32. dxe5 dxe5 33. Qd6 Qd8 34. Ra6 Qxd6 35. Rxd6 Ne8 36. Rh6+ Kg7 37. Rxh5 Nd6 38. Rexe5 Rh8 39. Rd5 Rb6 40. Kh2 1/2-1/2

[Event "World op 34th"]
[Site "Philadelphia"]
[Date "2006.06.30"]
[Round "3"]
[White "Friedman, Josef"]
[Black "Ardaman, Miles"]
[Result "0-1"]
[WhiteElo "2207"]
[BlackElo "2324"]
[PlyCount "122"]
[EventDate "2006.06.28"]
[EventType "swiss"]
[EventRounds "9"]
[EventCountry "USA"]
[SourceTitle "CBM 112 Extra"]
[Source "ChessBase"]
[SourceDate "2006.07.14"]
[SourceVersion "1"]
[SourceVersionDate "2006.07.14"]
[SourceQuality "1"]

1. Nf3 b5 2. a4 b4 3. d4 Bb7 4. Bf4 e6 5. e3 f5 6. a5 Na6 7. Nbd2 Nf6 8. Bd3 Be7 9. 0-0 0-0 10. Qe2 Qc8 11. c3 Nd5 12. c4 Nxf4 13. exf4 c5 14. Nb3 Bf6 15. Rfe1 Bxf3 16. Qxf3 Bxd4 17. Nxd4 cxd4 18. Rad1 Qc7 19. Re5 Nc5 20. Bb1 d6 21. Ree1 Qxa5 22. Rxd4 Qb6 23. Red1 Rad8 24. h3 g6 25. g4 Rf7 26. g5 a5 27. h4 Kf8 28. Qe3 Ke7 29. Rd5 Rd7 30. h5 Kd8 31. R5d2 Kc7 32. h6 Rfe7 33. Bc2 a4 34. Ra1 b3 35. Bd1 Qb4 36. Bf3 Re8 37. Rd4 Rb8 38. Bg2 Rb6 39. Ra3 Qxa3 40. bxa3 b2 41. Rd1 b1Q 42. Rxb1 Rxb1+ 43. Kh2 Rb3 44. Qd4 Rxa3 45. Qh8 d5 46. cxd5 exd5 47. Qe5+ Kb6 48. Qf6+ Ka5 49. Qc6 Rc3 50. Bxd5 Rc2 51. Kg1 a3 52. Qa8+ Kb4 53. Qb8+ Kc3 54. Qe5+ Kb4 55. Qb8+ Ka5 56. Qa8+ Na6 57. Qg8 Nb4 58. Qa8+ Na6 59. Qg8 Rcc7 60. Ba2 Rd2 61. Qb3 Rxa2 0-1

[Event "US Masters op"]
[Site "Hendersonville"]
[Date "2006.03.19"]
[Round "9"]
[White "Ardaman, Miles"]
[Black "Margvelashvili, Giorgi"]
[Result "0-1"]
[WhiteElo "2330"]
[BlackElo "2434"]
[PlyCount "62"]
[EventDate "2006.03.11"]
[EventType "swiss"]
[EventRounds "9"]
[EventCountry "USA"]
[SourceTitle "EXT 2007"]
[Source "ChessBase"]
[SourceDate "2006.11.23"]
[SourceVersion "1"]
[SourceVersionDate "2006.11.23"]
[SourceQuality "1"]

1. b4 d5 2. Bb2 Nf6 3. e3 Bf5 4. f4 e6 5. a3 c5 6. b5 Nbd7 7. Be2 Bd6 8. Nf3 Qc7 9. a4 h6 10. c4 d4 11. Qb3 dxe3 12. dxe3 e5 13. g3 0-0 14. Nc3 exf4 15. exf4 Rfe8 16. 0-0-0 Re3 17. Nh4 Bxf4 18. Rd2 Rxe2 19. Nxe2 Bxd2+ 20. Kxd2 Be4 21. Rd1 Ne5 22. Kc1 g5 23. Rf1 Nfg4 24. Nc3 Nd3+ 25. Kb1 Bh7 26. Nf5 Qe5 27. h3 Bxf5 28. hxg4 Bg6 29. Ka1 Nxb2 30. Qxb2 Re8 31. Rf3 Qd4 0-1

[Event "World op 33rd"]
[Site "Philadelphia"]
[Date "2005.06.30"]
[Round "3"]
[White "Ardaman, Miles"]
[Black "Benjamin, Joel"]
[Result "0-1"]
[WhiteElo "2308"]
[BlackElo "2563"]
[PlyCount "82"]
[EventDate "2005.06.??"]
[EventType "swiss"]
[EventRounds "9"]
[EventCountry "USA"]
[SourceTitle "EXT 2006"]
[Source "ChessBase"]
[SourceDate "2005.11.24"]
[SourceVersion "1"]
[SourceVersionDate "2005.11.24"]
[SourceQuality "1"]

1. b4 d5 2. Bb2 c6 3. e3 Nf6 4. f4 Bg4 5. Nf3 e6 6. a3 Nbd7 7. h3 Bxf3 8. Qxf3 Ne4 9. Rg1 Be7 10. Bd3 Bf6 11. Ra2 Bxb2 12. Rxb2 Qh4+ 13. Ke2 Ndf6 14. g4 h6 15. c4 0-0-0 16. Rc2 Kb8 17. Nc3 Nxc3+ 18. Rxc3 Rd7 19. cxd5 Nxd5 20. Rb3 Rhd8 21. Rc1 Qe7 22. Qe4 g5 23. Qe5+ Ka8 24. fxg5 hxg5 25. Rc2 Nb6 26. Qg3 a6 27. Be4 Ka7 28. Rbc3 f6 29. Qf3 Qd6 30. Qg2 Qxd2+ 31. Rxd2 Rxd2+ 32. Kf3 Rxg2 33. Kxg2 Rd2+ 34. Kg3 Nd7 35. Rc1 Ne5 36. Rf1 Re2 37. Rxf6 Rxe3+ 38. Bf3 Rxa3 39. Kf2 Nd3+ 40. Ke3 Nf4+ 41. Ke4 Nxh3 0-1

[Event "CCA-ICC op"]
[Site "Lake George"]
[Date "2005.05.14"]
[Round "6"]
[White "Gonzales, Jayson"]
[Black "Ardaman, Miles"]
[Result "0-1"]
[WhiteElo "2474"]
[BlackElo "2308"]
[PlyCount "75"]
[EventDate "2005.05.11"]
[EventType "swiss"]
[EventRounds "9"]
[EventCountry "USA"]
[SourceTitle "CBM 106 Extra"]
[Source "ChessBase"]
[SourceDate "2005.07.01"]
[SourceVersion "1"]
[SourceVersionDate "2005.07.01"]
[SourceQuality "1"]

1. d4 b5 2. e4 a6 3. Bd3 Bb7 4. Nf3 d6 5. c3 Nd7 6. a4 c6 7. Bf4 g6 8. e5 dxe5 9. Nxe5 Ngf6 10. 0-0 Bg7 11. Be2 Nd5 12. Bg3 0-0 13. Bf3 Nxe5 14. dxe5 Nb6 15. axb5 axb5 16. Na3 Qc8 17. Qd4 Nd7 18. Rad1 Rd8 19. Qe3 e6 20. Rd2 Re8 21. Rfd1 Nf8 22. Qc5 h6 23. c4 Nh7 24. cxb5 Ng5 25. Bxc6 Ne4 26. Qb6 Bxc6 27. Rc2 Rd8 28. Re1 Rd5 29. Qxc6 Qf8 30. f4 Nc5 31. Rec1 Rc8 32. Qb6 Rb8 33. Qc7 Nd7 34. Bf2 Qb4 35. Qc4 Qa5 36. Qc3 Qd8 37. Nc4 Rdxb5 38. Qd2 0-1

[Event "CCA-ICC op"]
[Site "Lake George"]
[Date "2005.05.12"]
[Round "2"]
[White "Kiriakov, Petr"]
[Black "Ardaman, Miles"]
[Result "1-0"]
[WhiteElo "2565"]
[BlackElo "2308"]
[PlyCount "71"]
[EventDate "2005.05.11"]
[EventType "swiss"]
[EventRounds "9"]
[EventCountry "USA"]
[SourceTitle "CBM 106 Extra"]
[Source "ChessBase"]
[SourceDate "2005.07.01"]
[SourceVersion "1"]
[SourceVersionDate "2005.07.01"]
[SourceQuality "1"]

1. d4 b5 2. e4 Bb7 3. Qd3 a6 4. Be3 d6 5. Nd2 Nd7 6. a4 Ngf6 7. f3 c6 8. Ne2 e5 9. c3 d5 10. Ng3 g6 11. Be2 h5 12. 0-0 Be7 13. Qc2 Qc7 14. Rfe1 Kf8 15. Bf2 h4 16. Ngf1 Re8 17. h3 dxe4 18. fxe4 Nh5 19. Bg4 Ndf6 20. Bf3 Nf4 21. Nb3 Bc8 22. axb5 axb5 23. Kh1 N6h5 24. Bxh5 Rxh5 25. Be3 Rg5 26. Bxf4 exf4 27. Nbd2 c5 28. d5 c4 29. Nf3 Rg3 30. Nxg3 hxg3 31. e5 Bc5 32. Qe4 Bf2 33. Qxf4 Bf5 34. Nd4 Bd7 35. Re4 Qc5 36. e6 1-0

[Event "Reykjavik op 21st"]
[Site "Reykjavik"]
[Date "2004.03.16"]
[Round "9"]
[White "Pedersen, Nicolai Vesterbaek"]
[Black "Ardaman, Miles"]
[Result "1-0"]
[WhiteElo "2510"]
[BlackElo "2307"]
[PlyCount "83"]
[EventDate "2004.03.07"]
[EventType "swiss"]
[EventRounds "9"]
[EventCountry "ISL"]
[SourceTitle "CBM 099 Extra"]
[Source "ChessBase"]
[SourceDate "2004.05.04"]
[SourceVersion "1"]
[SourceVersionDate "2004.05.04"]
[SourceQuality "1"]

1. e4 d6 2. d4 Nf6 3. Nc3 c6 4. f4 Qa5 5. e5 Ne4 6. Qf3 Nxc3 7. Bd2 Na6 8. Qxc3 Qb6 9. a4 Bd7 10. exd6 exd6 11. 0-0-0 Be7 12. Re1 Kd8 13. Nf3 h6 14. Bc4 Rf8 15. Qa3 c5 16. a5 Qc6 17. Bxa6 bxa6 18. dxc5 Rc8 19. Be3 Re8 20. Rd1 Bf8 21. Rd2 Re4 22. Bd4 Rxf4 23. Rhd1 f6 24. Kb1 Rc7 25. Qb3 Re4 26. cxd6 Rb7 27. Qa3 Qb5 28. Rd3 Be6 29. Re3 Bd5 30. Rxe4 Bxe4 31. Qe3 Bg6 32. Bc3 Qc4 33. Nd4 Bf7 34. Qf3 Kc8 35. d7+ Rxd7 36. Qa8+ Kc7 37. Qxf8 Qa2+ 38. Kc1 Qa1+ 39. Kd2 Rxd4+ 40. Bxd4 Qxa5+ 41. b4 Qg5+ 42. Kc3 1-0

[Event "Reykjavik op 21st"]
[Site "Reykjavik"]
[Date "2004.03.14"]
[Round "7"]
[White "Ragnarsson, Johann Hjortur"]
[Black "Ardaman, Miles"]
[Result "0-1"]
[WhiteElo "2122"]
[BlackElo "2307"]
[PlyCount "114"]
[EventDate "2004.03.07"]
[EventType "swiss"]
[EventRounds "9"]
[EventCountry "ISL"]
[SourceTitle "CBM 099 Extra"]
[Source "ChessBase"]
[SourceDate "2004.05.04"]
[SourceVersion "1"]
[SourceVersionDate "2004.05.04"]
[SourceQuality "1"]

1. e4 Nc6 2. Nf3 d6 3. d4 Bg4 4. Bb5 a6 5. Bxc6+ bxc6 6. Nc3 e6 7. h3 Bh5 8. Qd3 Be7 9. Bd2 Nf6 10. Bg5 h6 11. Bxf6 Bxf6 12. Qc4 Qd7 13. g4 Bg6 14. Qa4 c5 15. Qxd7+ Kxd7 16. 0-0-0 cxd4 17. Nxd4 Rhb8 18. Nde2 Rb4 19. f3 a5 20. b3 c6 21. Na4 d5 22. c3 Rbb8 23. c4 Ke8 24. exd5 cxd5 25. c5 Rb4 26. Rhf1 Rc8 27. Kd2 e5 28. Nec3 Bg5+ 29. Ke2 d4 30. Ne4 Bxe4 31. fxe4 Rxa4 32. bxa4 Rxc5 33. Rf3 Rc2+ 34. Kf1 Rxa2 35. Rb3 Rxa4 36. Rb5 Bf4 37. Rd5 h5 38. Rb1 Ke7 39. Rb6 hxg4 40. hxg4 Rb4 41. Ra6 a4 42. Rc5 Rb7 43. Ke2 g6 44. Rd5 a3 45. g5 Rb2+ 46. Kf3 a2 47. Ra7+ Kf8 48. Rdd7 Kg8 49. Rxf7 a1Q 50. Rg7+ Kf8 51. Rxa1 Rb3+ 52. Kg4 Kxg7 53. Ra7+ Kf8 54. Ra6 Rg3+ 55. Kh4 Rxg5 56. Rd6 Ke7 57. Rd5 Rg1 0-1

[Event "Reykjavik op 21st"]
[Site "Reykjavik"]
[Date "2004.03.11"]
[Round "5"]
[White "Maze, Sebastien"]
[Black "Ardaman, Miles"]
[Result "1-0"]
[WhiteElo "2462"]
[BlackElo "2307"]
[PlyCount "87"]
[EventDate "2004.03.07"]
[EventType "swiss"]
[EventRounds "9"]
[EventCountry "ISL"]
[SourceTitle "CBM 099 Extra"]
[Source "ChessBase"]
[SourceDate "2004.05.04"]
[SourceVersion "1"]
[SourceVersionDate "2004.05.04"]
[SourceQuality "1"]

1. e4 Nc6 2. Nf3 d6 3. d4 Bg4 4. Bb5 a6 5. Bxc6+ bxc6 6. h3 Bh5 7. Nc3 e6 8. Qd3 Nf6 9. Bg5 Be7 10. g4 Bg6 11. Qe3 h6 12. Bh4 Nd7 13. Bxe7 Qxe7 14. 0-0-0 c5 15. dxc5 Nxc5 16. h4 Rb8 17. Nd4 Qd7 18. f4 Bh7 19. f5 Na4 20. b3 Nb6 21. g5 Bg8 22. f6 gxf6 23. gxf6 c5 24. Nde2 Bh7 25. Rhg1 Kd8 26. Rd2 Kc7 27. Rgd1 Qc6 28. Rxd6 Qxd6 29. Rxd6 Kxd6 30. Qd3+ Ke5 31. Qxa6 Kxf6 32. a4 Ke7 33. a5 Nd7 34. Nf4 Rhc8 35. Ncd5+ exd5 36. Nxd5+ Kf8 37. Qd6+ Kg7 38. Qxd7 h5 39. Qe7 Bg6 40. Qe5+ Kh6 41. Nf6 c4 42. Qg5+ Kg7 43. Nxh5+ Kf8 44. Nf6 1-0

[Event "Continental op 45'"]
[Site "Los Angeles"]
[Date "2000.07.24"]
[Round "1"]
[White "Base, Alfredo B"]
[Black "Ardaman, Miles"]
[Result "0-1"]
[WhiteElo "2267"]
[BlackElo "2342"]
[PlyCount "72"]
[EventDate "2000.07.24"]
[EventType "swiss"]
[EventRounds "9"]
[EventCountry "USA"]
[SourceTitle "EXT 2001"]
[Source "ChessBase"]
[SourceDate "2000.11.22"]
[SourceVersion "1"]
[SourceVersionDate "2000.11.22"]
[SourceQuality "1"]

1. Nc3 g6 2. e4 Bg7 3. Bc4 c5 4. f4 Nc6 5. Nf3 e6 6. f5 Nge7 7. fxe6 fxe6 8. d3 d5 9. Bb3 a6 10. 0-0 0-0 11. Bg5 d4 12. Ne2 h6 13. Bd2 Na5 14. Qe1 Nec6 15. Qg3 Qe8 16. Nh4 Rxf1+ 17. Rxf1 Nxb3 18. axb3 g5 19. Nf3 e5 20. Qe1 b5 21. Ng3 Ne7 22. Nf5 Nxf5 23. exf5 Bxf5 24. Nxg5 Qg6 25. Nf3 Qe6 26. Qg3 Re8 27. Re1 Qg6 28. Qf2 Qf6 29. b4 Qd6 30. bxc5 Qxc5 31. Nxd4 Bg6 32. Nf3 Qxc2 33. Qg3 Kh7 34. Bc3 Qxd3 35. Qh4 Qf5 36. Rf1 Qf6 0-1

[Event "World op 28th"]
[Site "Philadelphia"]
[Date "2000.07.04"]
[Round "9"]
[White "Gilruth, Peter"]
[Black "Ardaman, Miles"]
[Result "0-1"]
[WhiteElo "2212"]
[BlackElo "2335"]
[PlyCount "147"]
[EventDate "2000.06.28"]
[EventType "swiss"]
[EventRounds "9"]
[EventCountry "USA"]
[SourceTitle "EXT 2001"]
[Source "ChessBase"]
[SourceDate "2000.11.22"]
[SourceVersion "1"]
[SourceVersionDate "2000.11.22"]
[SourceQuality "1"]

1. c4 e5 2. Nc3 d6 3. Nf3 g6 4. d4 Nd7 5. g3 Bg7 6. Bg2 Ne7 7. 0-0 h6 8. e4 g5 9. dxe5 dxe5 10. h4 f6 11. Nd5 c6 12. Ne3 Nc5 13. Qc2 a5 14. b3 Bf8 15. Bb2 g4 16. Nxe5 fxe5 17. Bxe5 Rh7 18. Rad1 Qb6 19. Nf5 Kf7 20. Nd6+ Kg8 21. Ne8 Kf7 22. Nd6+ Kg8 23. Ne8 Rf7 24. Nf6+ Rxf6 25. Bxf6 Be6 26. Bd4 Qb4 27. Bc3 Qb6 28. Bd4 Qb4 29. Bc3 Qb6 30. Qd2 Bg7 31. Bxg7 Kxg7 32. Qd6 Re8 33. Qe5+ Kh7 34. h5 Rg8 35. Rd6 Rg5 36. Qf4 Ng8 37. Rfd1 Qc7 38. Rd7+ Qxd7 39. Rxd7+ Nxd7 40. Qc7 Rg7 41. Qxb7 Ne5 42. Qa8 Rg5 43. Kf1 Bf7 44. Qxa5 Nxc4 45. Qc7 Ne5 46. f4 gxf3 47. Bxf3 Nf6 48. a4 Kg8 49. Kg2 Bxh5 50. Bxh5 Nxh5 51. a5 Rxg3+ 52. Kf1 Rf3+ 53. Ke1 Nf4 54. a6 Rxb3 55. a7 Ra3 56. Qb8+ Kf7 57. a8Q Rxa8 58. Qxa8 Nfg6 59. Ke2 h5 60. Qc8 Kg7 61. Qf5 Kh6 62. Kd2 c5 63. Kc3 h4 64. Kb3 Kg7 65. Ka4 Kh6 66. Kb5 c4 67. Kb4 Kg7 68. Qh3 Kh6 69. Kc5 Kg5 70. Qf5+ Kh6 71. Kd6 Kg7 72. Qc8 Kf6 73. Qd8+ Kf7 74. Qc8 0-1

[Event "Portsmouth Millennium op"]
[Site "Portsmouth"]
[Date "2000.03.04"]
[Round "3"]
[White "Lee, Wang Sheng"]
[Black "Ardaman, Miles"]
[Result "1-0"]
[WhiteElo "2260"]
[BlackElo "2335"]
[PlyCount "69"]
[EventDate "2000.03.04"]
[EventType "swiss"]
[EventRounds "5"]
[EventCountry "USA"]
[SourceTitle "EXT 2001"]
[Source "ChessBase"]
[SourceDate "2000.11.22"]
[SourceVersion "1"]
[SourceVersionDate "2000.11.22"]
[SourceQuality "1"]

1. d4 Nf6 2. c4 c5 3. d5 e6 4. Nc3 exd5 5. cxd5 d6 6. Nf3 g6 7. Nd2 Nbd7 8. e4 a6 9. a4 Bg7 10. Nc4 Nb6 11. Ne3 Bd7 12. g3 0-0 13. Bg2 Qc7 14. 0-0 c4 15. Re1 Rae8 16. f3 Nc8 17. Nc2 Nh5 18. g4 Nf6 19. Be3 h6 20. Na3 Nh7 21. Qd2 f5 22. gxf5 gxf5 23. Kh1 Ng5 24. Bxg5 hxg5 25. Qxg5 Qc5 26. Rac1 b5 27. axb5 axb5 28. exf5 Rxe1+ 29. Rxe1 b4 30. f6 Rf7 31. Ne4 Qd4 32. Nxc4 Qxc4 33. fxg7 Qd4 34. Qd8+ Kxg7 35. Rg1 1-0

[Event "World op 27th"]
[Site "Philadelphia"]
[Date "1999.06.29"]
[Round "3"]
[White "Finegold, Benjamin"]
[Black "Ardaman, Miles"]
[Result "1-0"]
[WhiteElo "2500"]
[BlackElo "2351"]
[PlyCount "103"]
[EventDate "1999.06.27"]
[EventType "swiss"]
[EventRounds "9"]
[EventCountry "USA"]
[SourceTitle "EXT 2000"]
[Source "ChessBase"]
[SourceDate "1999.11.16"]
[SourceVersion "1"]
[SourceVersionDate "1999.11.16"]
[SourceQuality "1"]

1. d4 Nf6 2. c4 c5 3. d5 e6 4. Nc3 exd5 5. cxd5 d6 6. e4 g6 7. h3 Bg7 8. Nf3 0-0 9. Bd3 Re8 10. 0-0 c4 11. Bxc4 Nxe4 12. Nxe4 Rxe4 13. Bd3 Re8 14. Bg5 Qb6 15. Re1 Bd7 16. Rxe8+ Bxe8 17. Qd2 Na6 18. Rb1 Nc5 19. Be3 a5 20. Bc2 Qb4 21. Qd1 a4 22. Bd4 Bxd4 23. Qxd4 Qxd4 24. Nxd4 Kf8 25. f4 Ra5 26. Ne2 Na6 27. Nc3 Nb4 28. Be4 f5 29. a3 Na6 30. Bc2 b5 31. Na2 b4 32. axb4 Rxd5 33. Rd1 Bf7 34. Rxd5 Bxd5 35. Bd3 Bxa2 36. Bxa6 Ke7 37. Kf2 Ke6 38. Ke3 Kd5 39. h4 Bb1 40. Bb5 Bc2 41. g3 Be4 42. Be2 Bb1 43. Ba6 Be4 44. Bb7+ Kc4 45. Bxe4 fxe4 46. g4 d5 47. f5 a3 48. bxa3 d4+ 49. Ke2 d3+ 50. Kd1 e3 51. f6 d2 52. Kc2 1-0